Fictional currencies - Statistics

General Stats
  • This quiz has been taken 11 times
  • The average score is 5 of 18
Answer Stats
Media Currency % Correct
The Sims Simoleons
80%
Star Wars Galactic Credit Standarad
50%
Fallout 4 Bottlecaps
40%
Legend of Zelda Rupees
40%
Animal Crossing Bells
30%
Pokémon Poké-Dollars
30%
The Elder Scrolls Septims
30%
Ratchet & Clank Bolts
20%
Simpsons: Hit & Run Buzz Cola Coins
20%
Naruto Ryõ
20%
Dr Who: The Sun Makers Talmars
20%
The Flintstones Clams
10%
Red Dwarf Dollarpound
10%
Blinky Bill Gumnuts
10%
X-Blades Souls
10%
Power Rangers: Lost Galaxy Zanibitar
10%
Black Tiger Zenny
10%
Zork Zorkmid
10%
No matching quizzes found
Score Distribution
Percent of People with Each Score
Percentile by Number Answered
Your Score History
You have not taken this quiz